000 00596nam a2200169 a 4500
005 20210219160400.0
008 081028s1981 mx r 000 0 spa d
035 _aUPN01000164454
049 _aUNE
080 _a37: 178.8 QUE.
245 0 0 _a¿Qué se está haciendo?...:
_bactividades escolares para prevenir el uso indebidode drogras :
_aintercambio de estrategias para el docente.
260 _aArgentina :
_bMinisterio de educación,
_c1981.
300 _a67 p. ;
_bil.
690 _aEducacion antidrogadiccion- Toxicomania
710 2 _aProyecto DINEMS/ UNESCO/ FNUFUID
905 _aUNESCO
999 _c136566
_d136566